<?xml version="1.0" encoding="UTF-8"?>
<marc:record xmlns:marc="http://www.loc.gov/MARC21/slim">
   <marc:leader>00000nam a2200000 a 4500</marc:leader>
   <marc:datafield ind1="1" ind2=" " tag="100">
      <marc:subfield code="a">Rossbacher, Claudia</marc:subfield>
      <marc:subfield code="4">aut</marc:subfield>
      <marc:subfield code="e">Verfasser/-in</marc:subfield>
   </marc:datafield>
   <marc:datafield ind1=" " ind2=" " tag="653">
      <marc:subfield code="a">Berlin</marc:subfield>
   </marc:datafield>
   <marc:datafield ind1="0" ind2="0" tag="245">
      <marc:subfield code="a">Drehschluss</marc:subfield>
   </marc:datafield>
   <marc:datafield ind1="0" ind2="0" tag="245">
      <marc:subfield code="b">Thriller</marc:subfield>
   </marc:datafield>
   <marc:datafield ind1="0" ind2="0" tag="245">
      <marc:subfield code="c">Claudia Rossbacher</marc:subfield>
   </marc:datafield>
   <marc:datafield ind1=" " ind2="1" tag="264">
      <marc:subfield code="a">Meßkirch</marc:subfield>
      <marc:subfield code="b">Gmeiner</marc:subfield>
      <marc:subfield code="c">2021</marc:subfield>
   </marc:datafield>
   <marc:datafield ind1="1" ind2=" " tag="520">
      <marc:subfield code="a">Quelle: bn.bibliotheksnachrichten (http://www.biblio.at/literatur/bn/index.html); #Autor: Edith Ratzberger; #Ein amüsanter Blick hinter die schillernden Kulissen der Boulevardmedien. (DR)#Clara Bodenstein kennt sie alle. Als Chefredakteurin des Boulevardmagazins UP! hat die Society Queen schon so einige Stars und Sternchen in den Promihimmel gehoben und für so manchen Absturz gesorgt. Daher ist Clara die perfekte Wahl, wenn es darum geht, die Biographie der Filmdiva Jackie Benz zu verfassen. Das Buch soll nämlich so skandalös werden und zahlreiche Enthüllungen enthalten, dass die Promiwelt diese lieber heute als morgen verhindern möchte. Keine Überraschung also, als die Schauspielerin spurlos verschwindet. Doch wird sie nicht der einzige Promi sein, der sich in Luft auflöst.#Der bereits 2009 vor den bekannten Steirerkrimis erschienene Roman von Claudia Rossbacher wird nun von ihrem neuen Verlag neu aufgelegt. Und das zurecht: Bizarre Charaktere, ein unterhaltsamer Handlungsstrang und ein offensichtlicher Seitenhieb auf die deutsche Film- und Medienbranche machen diesen Roman zu etwas ganz Besonderem. Im Gegensatz zu Rossbachers bekannteren Romanen ist dieses Werk kein klassischer Kriminalroman, sondern vielmehr eine Medienstudie mit Mördersuche und einem überraschenden Ende. Absolut empfehlenswert.</marc:subfield>
   </marc:datafield>
   <marc:datafield ind1=" " ind2=" " tag="020">
      <marc:subfield code="a">9783839227091</marc:subfield>
      <marc:subfield code="9">9783839227091</marc:subfield>
   </marc:datafield>
   <marc:datafield ind1=" " ind2=" " tag="041">
      <marc:subfield code="a">ger</marc:subfield>
   </marc:datafield>
   <marc:datafield ind1=" " ind2=" " tag="300">
      <marc:subfield code="a">280 S.</marc:subfield>
   </marc:datafield>
</marc:record>
